000 01170nam a2200313 a 4500
001 000115304
003 CHAP
005 20220329144529.0
008 190220s2018 mx a |sm |||||||spa d
010 _a111765
011 _a112737
040 _cCHAP
090 _aTesis
100 1 _aFlores Fuentes, Javier.
_9135514
245 1 0 _aInoculación, virulencia y producción de toxinas por Monographella maydis (müller & Samuels) en zonas tropicales de México
_h[En línea]
_cpor Javier Flores Fuentes.
260 _aChapingo, Méx. :
_bEl autor,
_c2018.
500 _aPara ver el contenido del material haga clic en la liga
502 _aTesis (M.C. en Ciencias en Protección Vegetal) -- UACH. Departamento de Parasitología Agrícola
590 _aE6339RRR
_b05
_c20190220
_lUCH01
_h1252
590 _aE6339RRR
_b05
_c20190220
_lUCH01
_h1253
590 _aE6339RRR
_b05
_c20190502
_lUCH01
_h1545
650 1 4 _aMaíz
_xEnfermedades por hongos.
_970941
650 1 4 _aMancha foliar.
_970300
650 1 4 _aToxinas microbianas.
_9114459
856 _aFinding aid
_uhttp://10.13.5.2/tesis/sist115304.pdf
_zTeclea aquí
901 _aBK
942 _cTESIS
942 _n0
999 _c111765
_d111765